| 000 | 00652cam a22002293a 4500 | ||
|---|---|---|---|
| 001 | 33088 | ||
| 003 | PGUSA | ||
| 005 | 20140828083721.0 | ||
| 008 | 100705s2010||||xxu|||||s|||||000 | eng d | ||
| 040 |
_aPGUSA _beng |
||
| 042 | _adc | ||
| 050 | 4 | _aHF | |
| 100 | 1 |
_aBolles, Albert Sidney, _d1846-1939 |
|
| 245 | 1 | 0 |
_aPutnam's Handy Law Book for the Layman _h[electronic resource] / _cAlbert Sidney Bolles |
| 260 |
_bProject Gutenberg, _c2010 |
||
| 506 | _aPublic domain in the USA. | ||
| 516 | _aElectronic text | ||
| 653 | _aCommercial law | ||
| 830 | 0 |
_aProject Gutenberg _v33088 |
|
| 856 | 4 | 0 | _uhttp://www.gutenberg.org/ebooks/33088 |
| 942 | _cEB | ||
| 999 |
_c262343 _d262343 |
||